Rimas y Leyendas / (Registro nro. 10982)

Detalles MARC
000 -LIDER
fixed length control field 01162cam a2200373 4500
001 - NÚMERO DE CONTROL
Identificador de número de control 360
003 - IDENTIFICACDOR DE NÚMERO DE CONTROL
control field DO-SdBNP
005 - DATE AND TIME OF LATEST TRANSACTION
control field 20231002125038.0
007 - CAMPOS FIJOS DE DESCRIPCIÓN FÍSICA
fixed length control field 360
008 - ELEMENTOS DE LONGITUD FIJA
fixed length control field 081021s2003 sp | |||| 000 0 spa
017 ## - NÚMERO DE REGISTRO DE DERECHOS DE AUTOR
Copyright or legal deposit number
Assigning agency
020 ## - ISBN
International Standard Book Number 846630388X
035 ## - NÚMERO LOCAL
System control number
040 ## - FUENTE DE CATALOGACIÓN
Agencia que crea de manera original el registro BPMSU
Idioma de catalogación spa
Agencia que realiza la transcripción BPMSU
Convenciones de la despripción
080 ## - NÚMERO DE CLASIFICACIÓN DECIMAL UNIVERSAL
Universal Decimal Classification number
082 #4 - NÚMERO DE CLASIFICACIÓN DECIMAL DE DEWEY
Classification number 861.5
Item number B398r 2003
Edition number 22
100 1# - ASIENTO PRINCIPAL -- NOMBRE PERSONAL
Nombre personal López Robles, Marta
245 10 - MENCIÓN DE TITULO
Título Rimas y Leyendas /
Mención de responsabilidad Gustavo Adolfo Bécquer,
Subtítulo
250 ## - MENCIÓN DE EDICION
Mención de edición 2a ed. anotada y comentada
260 ## - PUBLICACIÓN, DISTRIBUCIÓN, ETC. (PIE DE IMPRENTA)
Lugar de publicación, distribución, etc Barcelona :
Nombre del editor, distribuidor, etc. Santillana Ediciones Generales S. L. ,
Fecha de publicación, distribución, etc 2003.
300 ## - DESCRIPCIÓN FÍSICA
Extensión 281 p. ;
Dimensiones 20 cm.
490 0# - MENCIÓN DE SERIES
Mención de serie Punto de lectura
Volume/sequential designation 300/2
590 ## - NOTA LOCAL
Texto de la nota local Inventariado,.2023/VM
600 14 - ENCABEZAMIENTO DE MATERIA--NOMBRE PERSONAL
Nombre personal Bécquer, Gustavo Adolfo,
Fechas asociadas con el nombre 1836-1870
Subdivisión temática general Crítica e interpretación.
650 #4 - ENCABEZAMIENTO DE MATERIA--TEMÁTICO
Término temático o nombre geográfico como elemento de entrada Poesías españolas
Subdivisión temática general
Fuente del encabezamiento o término
650 #4 - ENCABEZAMIENTO DE MATERIA--TEMÁTICO
Término temático o nombre geográfico como elemento de entrada Leyendas españolas
650 #4 - ENCABEZAMIENTO DE MATERIA--TEMÁTICO
Término temático o nombre geográfico como elemento de entrada Rimas españolas
700 1# - ASIENTO SECUNDARIO -- NOMBRE PERSONAL
Nombre personal Bécquer, Gustavo Adolfo
Fechas asociadas con el nombre 1836-1870
Título de una obra
700 1# - ASIENTO SECUNDARIO -- NOMBRE PERSONAL
Nombre personal Bécquer, Gustavo Adolfo
Fechas asociadas con el nombre 1836-1870
Título de una obra Leyendas
700 1# - ASIENTO SECUNDARIO -- NOMBRE PERSONAL
Nombre personal Fortuny, Joan
Fechas asociadas con el nombre 1944-
700 1# - ASIENTO SECUNDARIO -- NOMBRE PERSONAL
Nombre personal Martí, Salvador
Forma completa del nombre Martí Raull
910 ## - VALIDACIÓN
Validación VMateo V. Control de calidad. BPMSU
942 ## - ADDED ENTRY ELEMENTS (KOHA)
Source of classification or shelving scheme Dewey Decimal Classification
Koha item type Libros
Existencias
Withdrawn status Lost status Source of classification or shelving scheme Damaged status Not for loan Collection code Home library Current library Date acquired Source of acquisition Total Checkouts Full call number Barcode Date last seen Copy number Cost, replacement price Price effective from Koha item type
    Dewey Decimal Classification     Colección Juvenil General Biblioteca Pública Metropolitana Salomé Ureña Biblioteca Pública Metropolitana Salomé Ureña 07/20/2016 ALFAGUARA   BPMSU CJG 861.5 B398r 2003 BPMSU18020005 07/20/2016 0.00 07/20/2016 Libros
    Dewey Decimal Classification     Colección Juvenil General Biblioteca Pública Metropolitana Salomé Ureña Biblioteca Pública Metropolitana Salomé Ureña 02/01/2018 ALFAGUARA   BPMSU CJG 861.5 B398r 2003 BPMSU18020006 02/01/2018 e.2   02/01/2018 Libros
    Dewey Decimal Classification     Colección Juvenil General Biblioteca Pública Metropolitana Salomé Ureña Biblioteca Pública Metropolitana Salomé Ureña 02/01/2018 ALFAGUARA   BPMSU CJG 861.5 B398r 2003 BPMSU23100001 10/02/2023 e.3   02/01/2018 Libros